000 00575cam a22002291 4500
001 sa 64005946
003 DLC
005 20260227112036.0
008 890616s1963 ii 000 0 beno
010 _asa 64005946
035 _a(OCoLC)19883778
040 _aDLC
_cWaU
_dDLC
042 _apremarc
043 _aa-ii---
050 0 0 _aPK1701
_b.B4
100 1 _aBedajña, Anāthabandhu.
245 1 0 _aSāhityera gati o prakr̥ti.
260 _c[1963]
300 _a7, 228 p.
_c22 cm.
500 _aIn Bengali.
650 0 _aBengali literature
_xHistory and criticism.
999 _c59426
_d59426